000 00674nam a2200205 a 4500
003 0
005 20250306131754.0
008 090703s19uu xx 00 eng d
050 _aPGS LB 2831.72
_b.Y55 2009
100 _aYoneyama, Ken E.
245 _aJob satisfaction /
_cKen E. Yoneyama.
260 _aLas PiƱas City, Philippines :
_bSouthville International School and Colleges,
_c2009.
300 _a31 pages :
_billustrations ;
_c28 cm.
504 _aIncludes bibliographical references.
650 _aJob satisfaction.
650 _aEmployee morale.
650 _aWork environment.
650 _aSchool employees
_vJob satisfaction.
942 _2lcc
_cPASS
999 _c98182
_d98182